[Event "79th Tata Steel Chess 2017-Masters"]
[Site "Wijk aan Zee"]
[Date "2017.01.29"]
[Round "13"]
[White "Carlsen, Magnus"]
[Black "Karjakin, Sergey"]
[Result "1/2-1/2"]
[WhiteElo "2840"]
[BlackElo "2785"]
[Annotator "ChessBase"]
[PlyCount "105"]
[EventDate "2017.??.??"]
[SourceDate "2003.06.08"]

1. e4 e5 2. Nf3 Nc6 3. Bc4 Bc5 4. c3 Nf6 5. d3 O-O 6. Bg5 {Magnus is exploring
these positions from all possible angles. In the recent match against Sergey
he tried this line with the B on b5.} d6 (6... h6 7. Bh4 Be7 {is a frequent
reaction, defusing any worries about the pin and anticipating a welcome
exchange of dark-squared bishops.}) 7. Nbd2 h6 8. Bh4 g5 $2 {According to
Karjakin´s tweet "Loran" Fressinet told him Nxg5 never works in the Italian.
I am quite sure that Magnus´s on- and off-second informed his boss about the
exceptions!} 9. Nxg5 hxg5 10. Bxg5 Kg7 11. Qf3 Be6 {Armed with engines, many
wrote Karjakin off already. But in the meantime, Wesley So was running away
with tournament victory as Nepomniachtchi had already(!) self-destructed. I am
sure this unsettled Magnus...} 12. b4 $2 (12. Bd5 $1 {This creates a terrible
bind, since Black is at pains to defuse the pin. Nb8-d7 is the only maneover
left to do so, but drops the exchange.} Nb8 (12... a5 13. O-O-O Nb8 14. Qg3
Nbd7 15. d4 exd4 16. cxd4 Bxd4 17. Nf3 Bc5 18. Bxf6+ Kxf6 19. Qg5#) 13. Qxf6+
Qxf6 14. Bxf6+ Kxf6 15. Bxb7 Nd7 16. Bxa8 Rxa8 17. b4 Bb6 18. Ke2 {With 3
pawns and a rook for 2 pieces, White of course has a significant edge, but
some difficulties remain, as the White rooks won´t be active for a long time.}
) (12. O-O-O $2 {Allows a main defensive idea:} Bxc4 13. Nxc4 Qe7 {And the
queen gets to e6 - consolidating.}) 12... Bb6 13. Bd5 a5 $1 {Given a second
lease on life Karjakin is going to play very well from here on. A main reason
for him being dubbed "World Defense Champion" by colleague Giri and others
must be that he seems so unaffected by his mistakes. He can commit the most
despicable errors and then show world-class toughness from the next second!}
14. b5 Nb8 {Not only will the rook not drop, but Black has secured squares on
the queenside forever. Stable squares are very significant in all types of
positions with light against heavy pieces.} 15. Bxb7 Ra7 (15... Nbd7 16. Bc6
Rb8 17. Nc4) 16. Bd5 $2 {Allowing Black to overprotect f6.} (16. Bc6 $1 {
Was definitely stronger, and may give great winning chances, but Black´s
position is still full of eye-popping resources.} Nxc6 17. bxc6 Ra8 18. h4 Rh8
19. d4 $1 (19. Nc4 {Slow play is not enough, after} Bc5 20. h5 Rh6 21. Ne3 Bxe3
22. Qxe3 Qh8 23. Bxh6+ Qxh6 24. Qxh6+ Kxh6 {Black is very well coordinated.})
19... exd4 $1 (19... Rh6 20. d5 Bc8 21. Nc4 Bc5 22. Bxh6+ Kxh6 23. Ne3 {
looks hopeless for Black.}) 20. e5 dxe5 21. Ne4 Nxe4 22. Bxd8 f5 {Here we have
a complete mess and direct attempts appear to run into powerful counterplay.}
23. Be7 $1 {The sane approach, just sticking to the material.} (23. g4 {
Opening literally all the gates, but Black can respond in kind!} d3 $1 24. Bxc7
d2+ 25. Kd1 Bxc7 26. gxf5 Bd5 27. Rg1+ Kf7 28. Rg6 {Looks like Black ran out
of steam?} Rab8 {Reinforcements!} 29. c4 (29. Kc2 Rb5 {calmly doubling on the
b-file!}) 29... Rb2 30. cxd5 Rxh4 31. Rh6 $1 Rg4 $1 (31... Rxh6 $4 32. Qxe4 $18
) 32. Rh7+ Kf6 33. Rh1 Rf4 34. Rh6+ Kg7 35. Rh7+ Kxh7 36. Qh5+ $11) (23. Bg5
Nxg5 24. Qg3 $1 {Neat, but not quite enough.} Kf7 25. Qxg5 Rag8 26. Qd2 dxc3
27. Qe2 {Black only has 2 bishops for the queen, but wonderful coordination
after} Rg4 $1 28. O-O-O Re4 {and White is obliged to part with an important
pawn or go:} 29. Qc2 (29. Qb5 Bxf2) 29... Bc5 30. Rd7+ Kf6 31. h5 Ba3+ 32. Kd1
Bb4 33. a3 Bxd7 34. cxd7 Rd4+ 35. Ke1 Rd2 36. Qc1 c2 37. axb4 Rd1+ 38. Qxd1
cxd1=Q+ 39. Kxd1 axb4 $11) 23... Kf7 24. Ba3 d3 25. O-O-O $1 (25. Rf1 d2+ 26.
Kd1 Rad8) 25... Nxf2 26. g4 $1 Nxg4 (26... Rad8 27. c4 $1) 27. Qxd3 Kf6 28. h5
{sees White consolidating without having to give up much material yet.
Whenever neccesary, an exchange will be sacrificed to extinguish the
counterplay.}) 16... Nbd7 17. Nc4 Bxd5 18. exd5 Qe8 {Black has consolidated
and will be able to untangle gradually.} 19. Ne3 Rg8 20. O-O Nh7 21. Nf5+ Kh8 {
Relative safety, finally.} 22. Bh4 Ra8 23. Rae1 f6 {It´s hard to formulate a
plan for White here, while Black will just keep on improving his position,
until opportunities come up.} 24. Re4 Nc5 {Karjakin felt its time to invite a
repetition.} (24... Qf7 $5 25. Nh6 Qg6 26. Nxg8 Rxg8 {and again, Black´s
position seems easier to play, at the very least.}) 25. Re3 Nd7 26. d4 $5 {
I don´t think White holds an advantage at this point, but as everybody knows,
Magnus wants to fight it out!} Qg6 $1 {I like the concept of giving up a rook
for the very strong Nf5. After that Black´s position becomes very solid.} 27.
Ne7 Qg4 28. Nxg8 Rxg8 29. Qxg4 Rxg4 30. g3 exd4 $2 {Opening files should be
done with great care only, when opposing the rooks. And here Black could just
regroup to go after the stranded - but nagging - Bh4 first.} (30... Nhf8 31. h3
(31. Rd1 exd4 32. cxd4 Ng6) 31... exd4 32. Re8 Rg8 33. cxd4 Ng6) 31. cxd4 Bxd4
32. Re8+ {Of course White infiltrates immediately} Rg8 33. Re7 {Mysterious -
Exchanging Black´s rook would greatly weaken the defense.} (33. Rxg8+ $142
Kxg8 34. Kg2 Nhf8 35. g4 Ng6 36. Bg3 $14) 33... Rg7 34. Re4 Ne5 35. Kg2 Bb6 36.
f4 Ng6 37. Kh3 $2 {Here Carlsen passed up on his last chance to force the
favourable rook-exchange.} (37. Re8+ Rg8 38. Rxg8+ Kxg8 39. f5 (39. Kh3) 39...
Ne7 40. g4 Nxd5 41. Bf2 Bxf2 42. Kxf2 Ng5 43. Re1 Kf8 44. h4 Nf7 {Black may
hold, but he has to suffer without counterplay.}) 37... Kg8 38. Rfe1 Kf7 {
It´s hard to play constructively as White here, which usually means that the
opponent will in a practical game make progress one way or another.} 39. Re6
Rg8 40. R1e4 f5 41. Re2 Rh8 {Black is step by step improving his position and
would eventually shatter White´s pawn structure and try to go after the weak
pawns one by one.} 42. a4 Kg7 43. Rxg6+ $1 {A very very important decision!
Carlsen used his last chance to disturb Black´s regroupment, and secures
activity for his remaining pieces.} (43. Re7+ $1 Nxe7 44. Rxe7+ {is the same})
({while} 43. Re8 $2 Nhf8 {would leave White helpless already.}) 43... Kxg6 44.
Re6+ Kf7 45. Re7+ Kg8 (45... Kg6 $5 46. Re6+ Kh5 {looks awkward, as the Black
king is not that far from a mating net, but some calculation shows that Black
is in time to regroup after} 47. Be7 Bd4 48. Kg2 Re8 49. Kf3 {(h3-g4 would be
a big threat...)} Nf6 50. Bxf6 Rxe6 51. dxe6 Bxf6 {Still, White survives with
perfect play:} 52. h3 Kg6 53. Ke3 Bb2 54. g4 fxg4 55. hxg4 Kf6 56. f5 d5 57.
g5+ Ke7 58. g6 $11) 46. Kg2 Nf8 47. Bg5 Rh7 48. Re8 Kf7 49. Rd8 {Black has no
space to regroup now.} Kg8 50. Re8 Rf7 51. Bh6 Rf6 52. Bg5 ({Even} 52. Rxf8+
Rxf8 53. Bxf8 Kxf8 {is a fortress for White.}) 52... Rf7 53. Bh6 {What a
full-blooded struggle, after the game seemed to be almost over early on!
Karjakin´s self-composure is admirable time and again.} 1/2-1/2

[Event "79th Tata Steel Chess 2017-Masters"]
[Site "Wijk aan Zee"]
[Date "2017.01.29"]
[Round "13"]
[White "Rapport, Richard"]
[Black "Adhiban, Baskaran"]
[Result "0-1"]
[WhiteElo "2702"]
[BlackElo "2653"]
[PlyCount "82"]
[EventDate "2017.??.??"]
[TimeControl "60"]

1. d4 {(0:00)} Nf6 {(0:04)} 2. Bg5 {(1:22) The Trompowsky Returns!} c5 {(0:07)}
3. Nc3 {(1:59)} (3. Bxf6 gxf6 4. d5 $11 {is more famous.}) 3... cxd4 {(0:08)}
4. Qxd4 {( (13)} Nc6 {(0:03)} 5. Qh4 {(0:26)} e6 {(0:15)} 6. O-O-O {(1:11)} Be7
{(1:59)} 7. e4 {(1:49)} a6 {( (10)} 8. Nf3 {(5:46)} Qc7 {(8:12)} 9. Bd3 {
(10:11)} d6 {(1:03) A Taimanov where White looks strangley placed.} 10. Rhe1 {
(0:45)} Bd7 {(11:38)} 11. e5 {(12:43)} dxe5 {(6:50)} 12. Ne4 {(1:43)} Nd5 {
(20:45)} 13. Bxe7 {(3:12)} Ncxe7 {(2:38)} 14. Ng3 {(7:35)} f6 {(11:54)} 15. Nh5
{(1:01)} O-O-O {(2:02)} 16. Nxg7 {(1:30)} Ng6 {(0:45)} 17. Qc4 {(17:14)} Ngf4 {
(0:54)} 18. Qxc7+ {(0:22)} Nxc7 {(4:51)} 19. g4 {(2:37)} Bc6 {(3:32)} 20. Be4 {
(1:21)} Ng2 {(4:36)} 21. Re2 {(0:03)} Nf4 {(0:11)} 22. Ree1 {(0:39)} Rxd1+ {
( (55)} 23. Kxd1 {(0:03)} Ng2 {(0:17)} 24. Re2 {(0:43)} Nf4 {(0:11)} 25. Re1 {
(3:27)} Ng2 {(4:54)} 26. Re2 {(0:08)} Rd8+ {(0:26)} 27. Nd2 {(3:16)} Nf4 {
(0:08)} 28. Bxc6 {(0:02)} Nxe2 {(0:07)} 29. Bxb7+ {(0:06)} Kxb7 {(0:03)} 30.
Kxe2 {(0:04)} Rg8 {(2:40)} 31. Nh5 {(0:05)} Rg6 {(8:58)} 32. Kf3 {(4:07)} f5 {
(0:45)} 33. gxf5 {(0:34)} exf5 {(0:05)} 34. Ng3 {(0:02)} e4+ {(5:37)} 35. Kf4 {
(0:44)} Nd5+ {(0:19)} 36. Kxf5 {(2:05)} e3 {(0:03)} 37. fxe3 {(0:13)} Nxe3+ {
( (02)} 38. Ke5 {(4:20)} Nxc2 {(0:28)} 39. Nde4 {(0:14]} Rh6 {(2:32)} 40. Nf1 {
(0:00)} Nb4 {(0:09)} 41. Nf6 {(2:00)} Nxa2 {(3:39)} 0-1